Contos para rir (Registo nº 4720)

Detalhes MARC
000 -Etiqueta do registo
Cabeçalho 01658nam 2200361 4500
010 ## - Número internacional normalizado dos livros (ISBN)
Número (ISBN) 9789720728463
100 ## - Dados gerais de processamento
Dados gerais de processamento 20260225d20152022d||y0frey50 ba
101 0# - Língua de publicação
Língua do texto, banda sonora, etc. Português
102 ## - Pais de publicação ou produção
País de publicação Portugal
200 1# - Titulo e menção de responsabilidade
Título próprio Contos para rir
Primeira menção de responsabilidade Luísa Ducla Soares
Outras menções de responsabilidade il. de Rui Pedro Lourenço
205 ## - Menção da edição
Menção da edição
210 ## - Publicação, Distribuição, etc. 
Lugar da edição, distribuição, etc. Porto
Nome do editor, distribuidor, etc. Porto Editora
Data da publicação, distribuição, etc. 2022
215 ## - Descrição física 
Indicação específica da natureza do documento e extensão da espécie 111, [2] p.
Outras indicações físicas il. color.
327 0# - Nota de conteúdo 
Texto da nota Contém: Pedro das Malasartes; Os três desejos; O troca-tintas; O dinheiro elástico; O criado esperto; O céu está a cair; O canário; Frei João Sem Cuidados; Dom Caio; As galinhas faladoras; As senhoras das capinhas pretas; A pele do piolho; A mulher gulosa; Dança, cacete!; O urso; A justiça; As três pombas.
330 ## - Sumário ou Resumo
Texto da nota A tradição oral portuguesa está cheia de contos divertidos e hilariantes que, ao longo dos tempos, têm feito rir muita gente tristonha e sisuda. Como quem conta um conto acrescenta um ponto, Luísa Ducla Soares acrescentou-lhes peripécias originais com muito, muito humor
503 1# - Cabeçalho convencional uniforme
Forma do cabeçalho Plano Nacional de Leitura
606 ## - Nome comum usado como assunto
Palavra de ordem Literatura infantil
Subdivisão de assunto contos populares
Código do sistema CA
608 ## - Forma, género ou característica física
Palavra de ordem Lombada
Subdivisão de assunto laranja
Palavra de ordem Contracapa - Sinopse
675 ## - Classificação Decimal Universal (CDU)
Notação 087.5
Edição 3ª ed.
Língua da edição por
Notação 821.134.3-34
Edição 3ª ed.
Língua da edição por
700 #1 - Nome de autor-pessoa física (responsabilidade principal)
Palavra de ordem Soares
Outra parte do nome não tomada para palavra de ordem Luísa Ducla
Datas 1939-
ID Autoridade 1636
Palavra de ordem Soares,
Outra parte do nome não tomada para palavra de ordem Maria Luísa Ducla
Palavra de ordem Cardia,
Outra parte do nome não tomada para palavra de ordem Maria Luísa Bliebernicht Ducla Soares de Sottomayor
701 #1 - Nome de autor-pessoa física (co-responsabilidade principal)
Código de função Ilustrador / Técnico de desenho computorizado
Palavra de ordem Lourenço
Outra parte do nome não tomada para palavra de ordem Rui Pedro
856 4# - Localização e acesso electrónico 
URL http://www.planonacionaldeleitura.gov.pt/
Nota para informação ao público Plano Nacional de Leitura
942 ## - Elementos de entrada adicionados (Koha)
Tipo de item no Koha Livro
990 ## - Elementos KOHA
Koha item type Livro
Suppress in OPAC Escondido
994 ## - Estado da catalogação
Situação PARA CORRIGIR
Exemplares
Situação do levantamento Nº de registo manual Origin of item (home branch) (coded) Biblioteca de empréstimo Lending or holding organisation (holding branch) code Código de barras Cota Circulation type (not for loan) Tipo de documento Damaged status
  20015 Biblioteca Escolar da Coca Maravilhas Biblioteca Escolar da Coca Maravilhas Biblioteca Escolar da Coca Maravilhas BECM20015 8C SOA   Livro